Statystyki dla Państwa położone najbliżej Europy

Kliknij tutaj aby rozwiązać quiz!

Ogólne statystyki

  • Ten quiz został rozwiązany 178 razy
    (134 od ostatniego zresetowania)
  • Średni wynik to 21 z 25

Statystyki odpowiedzi

OdległośćPaństwo% Poprawnych
0 kmTurcja
98%
0 kmRosja
96%
156 kmAlgieria
95%
380 kmEgipt
94%
15 kmMaroko
94%
700 kmIzrael
92%
280 kmLibia
92%
895 kmIran
91%
999 kmIrak
90%
341 kmGruzja
89%
480 kmKazachstan
89%
1117 kmArabia Saudyjska
88%
694 kmSyria
88%
69 kmTunezja
88%
720 kmArmenia
86%
550 kmCypr
85%
805 kmAzerbejdżan
84%
715 kmLiban
80%
790 kmJordania
78%
1418 kmSudan
78%
1390 kmCzad
73%
1334 kmNiger
69%
1220 kmMali
66%
1008 kmMauretania
65%
1342 kmTurkmenistan
57%

Rozkład punktacji

Percentyl według liczby udzielonych odpowiedzi

Procent ludzi z każdym wynikiem

Twoja historia wyników

Nie rozwiązałeś tego quizu od ostatniego zresetowania